000 00778cam a2200229 a 4500
001 000007146
005 20200929154059.0
008 780426s1977 sp a b 000 0bspa
020 _a8402052932
040 _aDO-SdBNP
_bspa
_cBNPHU
082 _a927.79143
_bC464A
100 1 _aAlsina Thevenet, Homero,
_d1922-
_919829
245 1 0 _aChaplin :
_btodo sobre un mito /
_cHomero Alsina Thevenet.
260 _aBarcelona :
_bBruguera,
_c1977.
300 _a221 p. :
_bil. ;
_c21 cm.
490 1 _aBruguera cinco estrellas
_v2
504 _aBibliografía: p. 198-203.
600 1 0 _aCHAPLIN, CHARLES SPENCER,
_d1889-1977.
_vBIOGRAFÍA
_919830
650 4 _aActores y actrices de cine
_94480
650 4 _aCómicos
_zEstados Unidos
_919831
830 0 _aBruguera cinco estrellas ;
_n2
_919832
999 _c6927
_d6927